University Home | Library Home | Institutional Repository

Diseases of the gastrointestinal tract : (Record no. 55838)

MARC details
000 -LEADER
fixed length control field 00853cam8a220019300 4500
001 - CONTROL NUMBER
control field tmp15727953
003 - CONTROL NUMBER IDENTIFIER
control field UPRA
005 - DATE AND TIME OF LATEST TRANSACTION
control field 20190814132259.0
008 - FIXED-LENGTH DATA ELEMENTS--GENERAL INFORMATION
fixed length control field 951013s1973 sz eng u
035 ## - SYSTEM CONTROL NUMBER
System control number (Sirsi) r24185
035 ## - SYSTEM CONTROL NUMBER
System control number (UPRA)tmp15727953
040 ## - CATALOGING SOURCE
Transcribing agency UPRA
100 1# - MAIN ENTRY--PERSONAL NAME
Personal name Btesh, Simon.
Linkage A26884.1
245 10 - TITLE STATEMENT
Title Diseases of the gastrointestinal tract :
Remainder of title provisional international nomenclature : a list of names of diseases recommended for international use as a compliment to the WHO international classification of diseases.
260 ## - PUBLICATION, DISTRIBUTION, ETC.
Place of publication, distribution, etc. Geneva :
Name of publisher, distributor, etc. Council for International Organizations of Medical Sciences,
Date of publication, distribution, etc. 1973.
650 #0 - SUBJECT ADDED ENTRY--TOPICAL TERM
Topical term or geographic name entry element Intestines -- Diseases -- Nomenclature.
General subdivision Intestines -- Diseases -- Nomenclature.
-- Intestines -- Diseases -- Nomenclature.
Linkage S62203.1
949 ## - LOCAL PROCESSING INFORMATION (OCLC)
a RC860
w LC
i -23730
m MEDICAL
t BOOK
l ON-SHELF

No items available.

© 2026 - The University of Zambia Library - Koha v25.11